000 00907nam a2200253 a 4500
001 000027389
003 DO-SdBNP
005 20240301142627.0
007 ta
008 110331s1962 dr c r 000 0 spa d
040 _aDO-SdBNP
_bspa
_cBNPHU
082 4 _a972.9304
_bM738c, 1962
_222
100 1 _aMonclús, Miguel Ángel,
_d1873-1967.
_931058
245 1 3 _aEl caudillismo en la República Dominicana /
_cMiguel Ángel Monclús ; prólogo Sócrates Nolasco.
250 _a3a ed.
260 _aSanto Domingo :
_bEditora del Caribe,
_c1962.
300 _a161 p. :
_bretr. ;
_c21 cm.
590 _aInventariado, 2018/LP
650 4 _aPresidentes
_zRepública Dominicana
_vBiografías
_91288
651 4 _aRepública Dominicana
_xPolítica y gobierno
_xHistoria
_y1844-1930
_954051
700 1 _aNolasco, Sócrates,
_d1884-1980
_epról.
_922323
910 _aValidado. Control de calidad MFF
942 _2ddc
_cLBS1
999 _c26881
_d26881